[Event "65+ World Senior Team Championship"]
[Site "chess24.com"]
[Date "2017.04.27"]
[Round "4"]
[White "Kratschmer, Heinz"]
[Black "Titz, Heimo"]
[Result "1-0"]
[Board "3"]
[WhiteElo "2003"]
[WhiteCountry "AUT"]
[WhiteFideId "1606670"]
[WhiteEloChange "14"]
[BlackElo "2154"]
[BlackTitle "FM"]
[BlackCountry "AUT"]
[BlackFideId "1601520"]
[BlackEloChange "-14"]

1. d4 {[%clk 1:30:57]} Nf6 {[%clk 1:30:45]} 2. Nf3 {[%clk 1:31:22]} e6 {[%clk
1:30:59]} 3. c4 {[%clk 1:31:47]} c5 {[%clk 1:29:15]} 4. d5 {[%clk 1:32:08]} exd5
{[%clk 1:29:34]} 5. cxd5 {[%clk 1:32:33]} d6 {[%clk 1:29:39]} 6. Nc3 {[%clk
1:32:50]} g6 {[%clk 1:29:16]} 7. e4 {[%clk 1:33:13]} Bg7 {[%clk 1:29:06]} 8. Bb5+
{[%clk 1:31:21]} Nbd7 {[%clk 1:27:46]} 9. a4 {[%clk 1:31:38]} O-O {[%clk
1:26:50]} 10. O-O {[%clk 1:31:54]} a6 {[%clk 1:26:32]} 11. Be2 {[%clk 1:25:35]}
Re8 {[%clk 1:26:09]} 12. Nd2 {[%clk 1:25:55]} Rb8 {[%clk 1:26:09]} 13. a5 {[%clk
1:15:15]} b5 {[%clk 1:13:11]} 14. axb6 {[%clk 1:15:33]} Nxb6 {[%clk 1:13:33]} 15.
f3 {[%clk 1:15:33]} Nfd7 {[%clk 1:04:29]} 16. Nb3 {[%clk 1:07:15]} Qc7 {[%clk
1:01:44]} 17. Bxa6 {[%clk 1:01:34]} Bxa6 {[%clk 1:01:51]} 18. Rxa6 {[%clk
1:01:53]} Qb7 {[%clk 1:01:15]} 19. Ra3 {[%clk 0:54:29]} Nc4 {[%clk 0:59:51]} 20.
Na5 {[%clk 0:54:51]} Nxa5 {[%clk 0:59:15]} 21. Rxa5 {[%clk 0:54:51]} Qc7 {[%clk
0:48:38]} 22. Ra6 {[%clk 0:50:16]} Rb4 {[%clk 0:44:02]} 23. Qc2 {[%clk 0:43:48]}
Qb8 {[%clk 0:38:45]} 24. Kh1 {[%clk 0:43:48]} Bd4 {[%clk 0:34:27]} 25. h3 {[%clk
0:28:26]} h5 {[%clk 0:33:59]} 26. Rd1 {[%clk 0:21:54]} Be5 {[%clk 0:30:38]} 27.
Ra2 {[%clk 0:13:32]} Nf6 {[%clk 0:21:35]} 28. Bd2 {[%clk 0:13:46]} Nd7 {[%clk
0:17:51]} 29. Rda1 {[%clk 0:13:53]} Rb7 {[%clk 0:10:29]} 30. Nd1 {[%clk 0:13:36]}
Nf6 {[%clk 0:10:09]} 31. Bc3 {[%clk 0:14:00]} Nd7 {[%clk 0:09:38]} 32. Ne3 {[%clk
0:11:06]} Qc7 {[%clk 0:08:39]} 33. Nc4 {[%clk 0:11:19]} Bd4 {[%clk 0:07:39]} 34.
Ra6 {[%clk 0:08:44]} Nb6 {[%clk 0:06:57]} 35. Nxb6 {[%clk 0:09:02]} Bxc3 {[%clk
0:07:00]} 36. Nc4 {[%clk 0:06:52]} Be5 {[%clk 0:06:41]} 37. Nxe5 {[%clk 0:07:08]}
Rxe5 {[%clk 0:06:59]} 38. Ra8+ {[%clk 0:07:13]} Kg7 {[%clk 0:06:46]} 39. Qc3
{[%clk 0:04:03]} f6 {[%clk 0:07:09]} 40. R1a6 {[%clk 0:34:16]} Qe7 {[%clk
0:35:52]} 41. Qa3 {[%clk 0:32:06]} Kh6 {[%clk 0:35:52]} 42. Rh8+ {[%clk 0:25:59]}
Kg7 {[%clk 0:34:20]} 43. Raa8 {[%clk 0:24:17]} Qf7 {[%clk 0:34:10]} 44. h4 {[%clk
0:24:30]} Ree7 {[%clk 0:31:48]} 45. Qe3 {[%clk 0:24:03]} f5 {[%clk 0:29:46]} 46.
Qh6+ {[%clk 0:24:03]} Kf6 {[%clk 0:30:06]} 47. Rhf8 {[%clk 0:24:03]} fxe4 {[%clk
0:29:44]} 48. Rxf7+ {[%clk 0:21:59]} Rxf7 {[%clk 0:30:10]} 49. Qf4+ {[%clk
0:19:47]} Kg7 {[%clk 0:30:17]} 50. Qxe4 {[%clk 0:16:10]} Rxb2 {[%clk 0:30:19]}
51. Qe8 {[%clk 0:16:20]} Kf6 {[%clk 0:26:43]} 52. Qh8+ {[%clk 0:16:20]} 1-0

[Event "65+ World Senior Team Championship"]
[Site "chess24.com"]
[Date "2017.04.27"]
[Round "4"]
[White "Birnboim, Nathan"]
[Black "Renman, Nils-Gustaf"]
[Result "1/2-1/2"]
[Board "1"]
[WhiteElo "2355"]
[WhiteTitle "IM"]
[WhiteCountry "ISR"]
[WhiteFideId "2800209"]
[BlackElo "2361"]
[BlackTitle "IM"]
[BlackCountry "SWE"]
[BlackFideId "1700367"]

1. d4 {[%clk 1:28:55]} d5 {[%clk 1:30:50]} 2. c4 {[%clk 1:29:16]} c6 {[%clk
1:31:14]} 3. Nf3 {[%clk 1:29:41]} Nf6 {[%clk 1:31:37]} 4. Nbd2 {[%clk 1:30:06]}
Bf5 {[%clk 1:30:11]} 5. Nh4 {[%clk 1:30:20]} Be4 {[%clk 1:27:41]} 6. e3 {[%clk
1:30:45]} e6 {[%clk 1:27:22]} 7. Be2 {[%clk 1:31:03]} Bd6 {[%clk 1:26:39]} 8.
Nxe4 {[%clk 1:21:07]} Nxe4 {[%clk 1:24:30]} 9. Nf3 {[%clk 1:21:07]} Nd7 {[%clk
1:24:50]} 10. Nd2 {[%clk 1:16:40]} Nxd2 {[%clk 1:18:51]} 11. Bxd2 {[%clk
1:17:03]} O-O {[%clk 1:19:14]} 12. O-O {[%clk 1:13:35]} Qe7 {[%clk 1:17:56]} 13.
cxd5 {[%clk 1:12:57]} exd5 {[%clk 1:16:01]} 14. Qc2 {[%clk 1:03:37]} Nf6 {[%clk
1:16:00]} 15. Rab1 {[%clk 0:38:12]} Ne4 {[%clk 1:12:59]} 16. Be1 {[%clk 0:37:02]}
f5 {[%clk 1:04:25]} 17. g3 {[%clk 0:31:38]} Rae8 {[%clk 0:57:32]} 18. Bd3 {[%clk
0:25:12]} Qg5 {[%clk 0:54:17]} 19. f3 {[%clk 0:23:29]} Qxe3+ {[%clk 0:49:53]} 20.
Kg2 {[%clk 0:23:53]} Qxd4 {[%clk 0:38:58]} 21. Bc3 {[%clk 0:11:52]} Nxc3 {[%clk
0:37:50]} 22. bxc3 {[%clk 0:12:21]} Qf6 {[%clk 0:36:21]} 23. Rxb7 {[%clk
0:12:42]} Bc5 {[%clk 0:35:10]} 24. c4 {[%clk 0:12:37]} Rb8 {[%clk 0:33:05]} 25.
Rfb1 {[%clk 0:12:33]} Rxb7 {[%clk 0:30:37]} 26. Rxb7 {[%clk 0:13:01]} d4 {[%clk
0:25:16]} 27. Qe2 {[%clk 0:11:48]} g6 {[%clk 0:24:12]} 28. Qe1 {[%clk 0:09:46]}
Qd6 {[%clk 0:15:28]} 29. a4 {[%clk 0:09:34]} Kh8 {[%clk 0:13:08]} 30. Qe2 {[%clk
0:06:22]} Rb8 {[%clk 0:11:25]} 31. Rxb8+ {[%clk 0:05:56]} Qxb8 {[%clk 0:11:53]}
32. Qe6 {[%clk 0:04:58]} Qd6 {[%clk 0:12:03]} 33. Qe8+ {[%clk 0:04:17]} Kg7
{[%clk 0:12:28]} 34. f4 {[%clk 0:03:57]} Bb4 {[%clk 0:06:47]} 35. Kh3 {[%clk
0:02:55]} a5 {[%clk 0:06:05]} 36. Kg2 {[%clk 0:02:46]} Kh6 {[%clk 0:05:02]} 37.
Kh3 {[%clk 0:02:26]} Qe7 {[%clk 0:04:31]} 38. Qxe7 {[%clk 0:00:57]} Bxe7 {[%clk
0:04:53]} 39. Kg2 {[%clk 0:01:09]} Kg7 {[%clk 0:05:10]} 40. Kf2 {[%clk 0:31:30]}
Kf6 {[%clk 0:35:24]} 41. Ke2 {[%clk 0:31:39]} Ke6 {[%clk 0:35:25]} 42. Kd1 {[%clk
0:31:09]} Bb4 {[%clk 0:35:02]} 43. Be2 {[%clk 0:30:49]} Kd6 {[%clk 0:34:47]} 44.
Kc2 {[%clk 0:31:08]} Be1 {[%clk 0:35:03]} 45. Kd3 {[%clk 0:29:06]} Bf2 {[%clk
0:35:06]} 46. g4 {[%clk 0:28:18]} Be3 {[%clk 0:33:12]} 47. gxf5 {[%clk 0:28:44]}
gxf5 {[%clk 0:33:37]} 48. h3 {[%clk 0:26:09]} c5 {[%clk 0:32:54]} 49. Bd1 {[%clk
0:26:10]} Bxf4 {[%clk 0:33:17]} 50. Ke2 {[%clk 0:26:14]} Ke5 {[%clk 0:32:50]} 51.
Bc2 {[%clk 0:26:35]} Bg5 {[%clk 0:29:59]} 52. Bd3 {[%clk 0:22:26]} h5 {[%clk
0:24:52]} 53. Kf3 {[%clk 0:22:31]} h4 {[%clk 0:25:11]} 54. Ke2 {[%clk 0:22:35]}
Bf4 {[%clk 0:24:53]} 55. Kf3 {[%clk 0:22:40]} Bg3 {[%clk 0:23:43]} 56. Ke2 {[%clk
0:22:55]} Kf4 {[%clk 0:23:08]} 57. Kd2 {[%clk 0:22:40]} Bf2 {[%clk 0:21:14]} 58.
Ke2 {[%clk 0:22:18]} Bg1 {[%clk 0:21:35]} 59. Kd2 {[%clk 0:21:23]} Be3+ {[%clk
0:16:46]} 1/2-1/2

[Event "65+ World Senior Team Championship"]
[Site "chess24.com"]
[Date "2017.04.27"]
[Round "4"]
[White "Malmdin, Nils-Ake"]
[Black "Berkovich, Mark A"]
[Result "1/2-1/2"]
[Board "2"]
[WhiteElo "2197"]
[WhiteTitle "FM"]
[WhiteCountry "SWE"]
[WhiteFideId "1701584"]
[WhiteEloChange "4"]
[BlackElo "2345"]
[BlackTitle "IM"]
[BlackCountry "ISR"]
[BlackFideId "2801639"]
[BlackEloChange "-4"]

1. e4 {[%clk 1:30:36]} c5 {[%clk 1:30:31]} 2. Nc3 {[%clk 1:29:34]} Nc6 {[%clk
1:30:52]} 3. f4 {[%clk 1:29:45]} e6 {[%clk 1:31:01]} 4. Nf3 {[%clk 1:29:20]} Nge7
{[%clk 1:30:07]} 5. d4 {[%clk 1:19:43]} Nxd4 {[%clk 1:26:31]} 6. Nxd4 {[%clk
1:19:37]} cxd4 {[%clk 1:26:59]} 7. Qxd4 {[%clk 1:19:29]} Nc6 {[%clk 1:27:19]} 8.
Qf2 {[%clk 1:19:42]} d5 {[%clk 1:24:13]} 9. exd5 {[%clk 1:08:13]} exd5 {[%clk
1:24:37]} 10. Bd3 {[%clk 1:07:20]} Be7 {[%clk 1:24:35]} 11. O-O {[%clk 1:01:46]}
O-O {[%clk 1:24:55]} 12. a3 {[%clk 0:58:37]} b6 {[%clk 1:18:18]} 13. Qf3 {[%clk
0:58:16]} Bb7 {[%clk 1:07:56]} 14. Qxd5 {[%clk 0:45:05]} Bc5+ {[%clk 0:53:19]}
15. Kh1 {[%clk 0:45:21]} Qxd5 {[%clk 0:47:50]} 16. Nxd5 {[%clk 0:45:36]} Rad8
{[%clk 0:45:10]} 17. Nc3 {[%clk 0:44:49]} Nd4 {[%clk 0:43:49]} 18. b4 {[%clk
0:37:04]} Be7 {[%clk 0:43:19]} 19. Bb2 {[%clk 0:32:56]} Nxc2 {[%clk 0:42:36]} 20.
Bxc2 {[%clk 0:31:18]} Rd2 {[%clk 0:42:54]} 21. Be4 {[%clk 0:31:26]} Bxe4 {[%clk
0:43:15]} 22. Nxe4 {[%clk 0:31:42]} Rxb2 {[%clk 0:43:41]} 23. Rab1 {[%clk
0:23:24]} Rxb1 {[%clk 0:43:20]} 24. Rxb1 {[%clk 0:23:51]} Rc8 {[%clk 0:43:27]}
25. f5 {[%clk 0:17:44]} a5 {[%clk 0:40:58]} 26. g4 {[%clk 0:13:40]} axb4 {[%clk
0:39:59]} 27. axb4 {[%clk 0:14:01]} Rc4 {[%clk 0:40:12]} 28. Nf2 {[%clk 0:13:57]}
Rxb4 {[%clk 0:36:06]} 29. Ra1 {[%clk 0:12:15]} h5 {[%clk 0:29:41]} 30. h3 {[%clk
0:11:26]} Bf6 {[%clk 0:12:03]} 31. Ra8+ {[%clk 0:11:39]} Kh7 {[%clk 0:12:32]} 32.
Kg2 {[%clk 0:11:44]} hxg4 {[%clk 0:06:46]} 33. Nxg4 {[%clk 0:11:44]} Rb2+ {[%clk
0:06:03]} 34. Kf3 {[%clk 0:11:59]} Rb3+ {[%clk 0:06:28]} 35. Kg2 {[%clk 0:12:19]}
Rb5 {[%clk 0:04:24]} 36. Rb8 {[%clk 0:08:27]} Bd4 {[%clk 0:03:15]} 37. Rd8 {[%clk
0:08:44]} Bb2 {[%clk 0:02:27]} 38. Rb8 {[%clk 0:07:16]} f6 {[%clk 0:02:00]} 39.
Rb7 {[%clk 0:06:10]} Bd4 {[%clk 0:01:59]} 40. Rd7 {[%clk 0:36:37]} Bb2 {[%clk
0:31:45]} 41. Ne3 {[%clk 0:35:28]} Be5 {[%clk 0:28:33]} 42. Ng4 {[%clk 0:21:21]}
Rc5 {[%clk 0:24:31]} 43. h4 {[%clk 0:19:25]} Bb2 {[%clk 0:21:27]} 44. Ne3 {[%clk
0:18:15]} b5 {[%clk 0:18:00]} 45. Nd5 {[%clk 0:13:58]} Rc4 {[%clk 0:16:12]} 46.
Kh3 {[%clk 0:14:02]} Be5 {[%clk 0:15:40]} 47. Rb7 {[%clk 0:12:07]} Rc5 {[%clk
0:15:19]} 48. Rd7 {[%clk 0:11:55]} Rc2 {[%clk 0:10:17]} 49. Rb7 {[%clk 0:11:03]}
Kh6 {[%clk 0:10:03]} 50. Kg4 {[%clk 0:09:55]} Rc4+ {[%clk 0:09:27]} 51. Kf3
{[%clk 0:09:53]} Rc5 {[%clk 0:08:45]} 52. Ne3 {[%clk 0:09:44]} Bc3 {[%clk
0:06:13]} 53. Rb8 {[%clk 0:09:13]} Kh7 {[%clk 0:06:27]} 54. Ke4 {[%clk 0:07:20]}
Re5+ {[%clk 0:06:17]} 55. Kd3 {[%clk 0:07:47]} b4 {[%clk 0:06:38]} 56. Rb7 {[%clk
0:07:44]} Ra5 {[%clk 0:06:11]} 57. Ke4 {[%clk 0:06:09]} Ra1 {[%clk 0:05:43]} 58.
Kf3 {[%clk 0:06:24]} Rh1 {[%clk 0:04:25]} 59. Kg4 {[%clk 0:05:58]} Re1 {[%clk
0:03:55]} 60. Kf3 {[%clk 0:06:23]} Rb1 {[%clk 0:03:38]} 61. Nd5 {[%clk 0:06:29]}
Rd1 {[%clk 0:03:13]} 62. Ne3 {[%clk 0:06:57]} Rd4 {[%clk 0:03:28]} 63. Ng2 {[%clk
0:06:07]} Bd2 {[%clk 0:03:46]} 64. Rb8 {[%clk 0:06:12]} Rd3+ {[%clk 0:03:20]} 65.
Ke2 {[%clk 0:06:19]} Rg3 {[%clk 0:03:30]} 66. Kf2 {[%clk 0:06:33]} Rh3 {[%clk
0:03:40]} 67. Ke2 {[%clk 0:06:54]} Rg3 {[%clk 0:03:25]} 68. Kf2 {[%clk 0:07:23]}
Rb3 {[%clk 0:03:35]} 69. Ke2 {[%clk 0:07:15]} Rb2 {[%clk 0:03:40]} 70. Kd3 {[%clk
0:07:37]} Bh6 {[%clk 0:02:46]} 71. Ne1 {[%clk 0:07:29]} Rd2+ {[%clk 0:02:37]} 72.
Kc4 {[%clk 0:07:56]} Rh2 {[%clk 0:02:54]} 73. Nf3 {[%clk 0:05:32]} Rh3 {[%clk
0:03:20]} 74. Nd4 {[%clk 0:05:49]} Rxh4 {[%clk 0:03:46]} 75. Kd5 {[%clk 0:06:09]}
Bf4 {[%clk 0:03:32]} 76. Rxb4 {[%clk 0:05:03]} Be5 {[%clk 0:02:11]} 77. Nc6
{[%clk 0:05:28]} Rxb4 {[%clk 0:02:16]} 78. Nxb4 {[%clk 0:05:57]} Kh6 {[%clk
0:02:05]} 79. Ke6 {[%clk 0:06:05]} Kg5 {[%clk 0:01:44]} 80. Nd5 {[%clk 0:06:05]}
Bd4 {[%clk 0:01:50]} 81. Ne7 {[%clk 0:06:10]} Bc5 {[%clk 0:02:02]} 82. Ng6 {[%clk
0:06:22]} Bb4 {[%clk 0:01:52]} 83. Nh8 {[%clk 0:06:40]} Ba3 {[%clk 0:01:53]} 84.
Ng6 {[%clk 0:07:06]} 1/2-1/2

[Event "65+ World Senior Team Championship"]
[Site "chess24.com"]
[Date "2017.04.27"]
[Round "4"]
[White "Lederman, Leon"]
[Black "Hedin, Gunnar"]
[Result "1-0"]
[Board "3"]
[WhiteElo "2276"]
[WhiteTitle "IM"]
[WhiteCountry "ISR"]
[WhiteFideId "2800403"]
[WhiteEloChange "8"]
[BlackElo "2193"]
[BlackCountry "SWE"]
[BlackFideId "1712381"]
[BlackEloChange "-8"]

1. e4 {[%clk 1:30:58]} e6 {[%clk 1:30:41]} 2. d4 {[%clk 1:31:23]} d5 {[%clk
1:31:05]} 3. Nc3 {[%clk 1:31:49]} Bb4 {[%clk 1:31:25]} 4. e5 {[%clk 1:32:15]} c5
{[%clk 1:31:48]} 5. a3 {[%clk 1:32:40]} Bxc3+ {[%clk 1:32:14]} 6. bxc3 {[%clk
1:33:07]} Qa5 {[%clk 1:32:19]} 7. Bd2 {[%clk 1:32:21]} Qa4 {[%clk 1:32:33]} 8.
Qg4 {[%clk 1:32:09]} Kf8 {[%clk 1:32:19]} 9. Qd1 {[%clk 1:29:06]} b6 {[%clk
1:31:44]} 10. c4 {[%clk 1:19:38]} Ba6 {[%clk 1:24:16]} 11. dxc5 {[%clk 1:11:27]}
bxc5 {[%clk 1:17:58]} 12. cxd5 {[%clk 1:10:41]} Bxf1 {[%clk 1:11:57]} 13. Kxf1
{[%clk 1:11:03]} exd5 {[%clk 1:12:18]} 14. Nf3 {[%clk 1:06:42]} Ne7 {[%clk
1:06:26]} 15. g3 {[%clk 1:01:22]} Nd7 {[%clk 1:03:04]} 16. Kg2 {[%clk 0:58:55]}
h6 {[%clk 0:56:52]} 17. Re1 {[%clk 0:47:01]} Qc6 {[%clk 0:45:10]} 18. h4 {[%clk
0:46:07]} g6 {[%clk 0:33:56]} 19. Bf4 {[%clk 0:44:19]} Qe6 {[%clk 0:33:02]} 20.
Rb1 {[%clk 0:39:45]} Nb6 {[%clk 0:31:41]} 21. Qd2 {[%clk 0:37:16]} Kg7 {[%clk
0:30:18]} 22. Rb5 {[%clk 0:32:57]} Nc4 {[%clk 0:28:44]} 23. Qd3 {[%clk 0:31:47]}
Rhc8 {[%clk 0:21:37]} 24. Nd2 {[%clk 0:29:31]} Nb6 {[%clk 0:20:00]} 25. Reb1
{[%clk 0:23:36]} Rc7 {[%clk 0:18:21]} 26. c3 {[%clk 0:19:58]} Rh8 {[%clk
0:17:58]} 27. Qf3 {[%clk 0:19:02]} Nf5 {[%clk 0:14:48]} 28. Ra5 {[%clk 0:14:16]}
Nd7 {[%clk 0:07:55]} 29. Qe2 {[%clk 0:02:15]} g5 {[%clk 0:05:37]} 30. hxg5 {[%clk
0:02:29]} hxg5 {[%clk 0:06:05]} 31. Bxg5 {[%clk 0:02:50]} Nxe5 {[%clk 0:05:03]}
32. Rh1 {[%clk 0:00:50]} Rxh1 {[%clk 0:04:47]} 33. Kxh1 {[%clk 0:01:19]} Nd6
{[%clk 0:04:30]} 34. Bf4 {[%clk 0:01:21]} Qh3+ {[%clk 0:04:36]} 35. Kg1 {[%clk
0:01:50]} Ng4 {[%clk 0:04:30]} 36. Qf3 {[%clk 0:01:59]} Re7 {[%clk 0:04:38]} 37.
Qg2 {[%clk 0:02:14]} Re1+ {[%clk 0:04:13]} 38. Nf1 {[%clk 0:02:43]} Qxg2+ {[%clk
0:04:00]} 39. Kxg2 {[%clk 0:03:11]} Nc4 {[%clk 0:04:00]} 40. Rxc5 {[%clk
0:32:55]} Re2 {[%clk 0:32:11]} 41. Kf3 {[%clk 0:32:26]} Rxf2+ {[%clk 0:32:04]}
42. Kxg4 {[%clk 0:32:55]} Rxf1 {[%clk 0:29:46]} 43. Rxd5 {[%clk 0:33:16]} Ra1
{[%clk 0:29:46]} 44. Rg5+ {[%clk 0:25:52]} Kf6 {[%clk 0:25:52]} 45. Rc5 {[%clk
0:25:51]} Nxa3 {[%clk 0:22:20]} 46. Rc6+ {[%clk 0:26:11]} Kg7 {[%clk 0:20:32]}
47. Be5+ {[%clk 0:14:44]} Kh7 {[%clk 0:20:18]} 48. Kg5 {[%clk 0:14:42]} f6+
{[%clk 0:18:20]} 49. Bxf6 {[%clk 0:14:54]} Nc2 {[%clk 0:17:46]} 50. Rc7+ {[%clk
0:15:09]} Kg8 {[%clk 0:18:10]} 51. Kg6 {[%clk 0:15:34]} 1-0

[Event "65+ World Senior Team Championship"]
[Site "chess24.com"]
[Date "2017.04.27"]
[Round "4"]
[White "Hammar, Bengt"]
[Black "Malisov, Boris"]
[Result "1-0"]
[Board "4"]
[WhiteElo "2165"]
[WhiteTitle "FM"]
[WhiteCountry "SWE"]
[WhiteFideId "1700391"]
[WhiteEloChange "13"]
[BlackElo "2283"]
[BlackCountry "ISR"]
[BlackFideId "2802503"]
[BlackEloChange "-13"]

1. e4 {[%clk 1:30:27]} c6 {[%clk 1:29:06]} 2. d4 {[%clk 1:30:00]} d5 {[%clk
1:29:26]} 3. Nc3 {[%clk 1:29:01]} g6 {[%clk 1:29:44]} 4. h3 {[%clk 1:23:29]} Nf6
{[%clk 1:29:51]} 5. e5 {[%clk 1:21:42]} Nh5 {[%clk 1:30:11]} 6. Nf3 {[%clk
1:20:45]} f6 {[%clk 1:30:15]} 7. Bd3 {[%clk 1:19:43]} Nd7 {[%clk 1:26:50]} 8.
exf6 {[%clk 1:16:56]} exf6 {[%clk 1:26:52]} 9. O-O {[%clk 1:16:52]} Bd6 {[%clk
1:26:34]} 10. Re1+ {[%clk 1:12:00]} Kf7 {[%clk 1:26:50]} 11. Ne2 {[%clk 1:11:41]}
Nf8 {[%clk 1:18:57]} 12. c4 {[%clk 1:10:59]} Ne6 {[%clk 1:09:19]} 13. Nc3 {[%clk
1:05:01]} Nef4 {[%clk 1:06:10]} 14. cxd5 {[%clk 1:04:08]} cxd5 {[%clk 1:05:15]}
15. Bf1 {[%clk 1:04:24]} b6 {[%clk 0:46:09]} 16. Be3 {[%clk 1:02:19]} Bb7 {[%clk
0:45:27]} 17. Qb3 {[%clk 1:00:10]} Ne6 {[%clk 0:35:36]} 18. g3 {[%clk 0:59:06]}
Rc8 {[%clk 0:32:21]} 19. Bg2 {[%clk 0:58:21]} Nhg7 {[%clk 0:30:57]} 20. Nd2
{[%clk 0:55:06]} Nf5 {[%clk 0:29:51]} 21. Bxd5 {[%clk 0:54:14]} Bxd5 {[%clk
0:30:02]} 22. Qxd5 {[%clk 0:54:04]} Bb4 {[%clk 0:26:05]} 23. Qb3 {[%clk 0:52:44]}
Bxc3 {[%clk 0:25:05]} 24. bxc3 {[%clk 0:53:05]} Re8 {[%clk 0:23:02]} 25. d5
{[%clk 0:50:46]} Nc5 {[%clk 0:20:11]} 26. Bxc5 {[%clk 0:50:35]} Rxc5 {[%clk
0:17:10]} 27. c4 {[%clk 0:45:07]} Nd6 {[%clk 0:14:26]} 28. Qd3 {[%clk 0:43:14]}
Qc8 {[%clk 0:12:34]} 29. h4 {[%clk 0:38:56]} Qf5 {[%clk 0:10:25]} 30. Qa3 {[%clk
0:35:34]} Qd7 {[%clk 0:07:58]} 31. Rxe8 {[%clk 0:35:42]} Kxe8 {[%clk 0:08:20]}
32. Re1+ {[%clk 0:34:24]} Kf7 {[%clk 0:07:55]} 33. Ne4 {[%clk 0:31:45]} Nxe4
{[%clk 0:07:49]} 34. Rxe4 {[%clk 0:32:08]} f5 {[%clk 0:04:38]} 35. Rd4 {[%clk
0:31:31]} Ra5 {[%clk 0:04:38]} 36. Qb2 {[%clk 0:31:00]} Qd6 {[%clk 0:03:32]} 37.
Qe2 {[%clk 0:29:25]} Rc5 {[%clk 0:03:34]} 38. Rd1 {[%clk 0:26:01]} Qe7 {[%clk
0:03:23]} 39. Qd3 {[%clk 0:26:05]} Qe4 {[%clk 0:02:20]} 40. Qxe4 {[%clk 0:52:17]}
fxe4 {[%clk 0:32:49]} 41. Rd4 {[%clk 0:52:44]} b5 {[%clk 0:31:50]} 42. cxb5
{[%clk 0:52:59]} Rxb5 {[%clk 0:15:05]} 43. d6 {[%clk 0:52:09]} Rb8 {[%clk
0:15:20]} 44. Rxe4 {[%clk 0:52:32]} h5 {[%clk 0:12:27]} 45. Re7+ {[%clk 0:52:32]}
Kf6 {[%clk 0:12:47]} 46. Rxa7 {[%clk 0:52:54]} Rb1+ {[%clk 0:12:22]} 47. Kg2
{[%clk 0:53:16]} Rd1 {[%clk 0:12:43]} 48. d7 {[%clk 0:53:25]} Kf5 {[%clk
0:10:56]} 49. a4 {[%clk 0:53:28]} Kf6 {[%clk 0:09:00]} 50. a5 {[%clk 0:53:15]}
Kf5 {[%clk 0:08:34]} 51. a6 {[%clk 0:53:25]} Ke6 {[%clk 0:07:10]} 52. Rb7 {[%clk
0:53:42]} Ke7 {[%clk 0:07:22]} 53. a7 {[%clk 0:54:02]} 1-0

[Event "65+ World Senior Team Championship"]
[Site "chess24.com"]
[Date "2017.04.27"]
[Round "4"]
[White "Nordstrom, Felix"]
[Black "Thornton, John D"]
[Result "1/2-1/2"]
[Board "1"]
[WhiteElo "2139"]
[WhiteTitle "FM"]
[WhiteCountry "SWE"]
[WhiteFideId "1701509"]
[WhiteEloChange "-2"]
[BlackElo "2059"]
[BlackCountry "WLS"]
[BlackFideId "1800663"]
[BlackEloChange "2"]

1. d4 {[%clk 1:30:56]} Nf6 {[%clk 1:30:46]} 2. c4 {[%clk 1:31:21]} e5 {[%clk
1:31:07]} 3. dxe5 {[%clk 1:31:43]} Ng4 {[%clk 1:31:31]} 4. Bf4 {[%clk 1:30:55]}
g5 {[%clk 1:31:14]} 5. Bd2 {[%clk 1:25:49]} Nxe5 {[%clk 1:30:35]} 6. Bc3 {[%clk
1:21:32]} Bg7 {[%clk 1:29:37]} 7. e3 {[%clk 1:17:37]} Qe7 {[%clk 1:24:06]} 8. Be2
{[%clk 1:12:46]} O-O {[%clk 1:15:19]} 9. Nf3 {[%clk 1:10:00]} d6 {[%clk 1:12:15]}
10. O-O {[%clk 1:03:44]} Nbc6 {[%clk 1:10:56]} 11. Qc2 {[%clk 0:59:00]} f5 {[%clk
1:05:37]} 12. Nbd2 {[%clk 0:53:37]} Bd7 {[%clk 1:01:18]} 13. Rfe1 {[%clk
0:50:39]} Rae8 {[%clk 0:59:43]} 14. Nd4 {[%clk 0:44:26]} g4 {[%clk 0:50:48]} 15.
Qb3 {[%clk 0:40:53]} Nd8 {[%clk 0:40:25]} 16. c5+ {[%clk 0:40:16]} Kh8 {[%clk
0:40:26]} 17. cxd6 {[%clk 0:40:22]} Qxd6 {[%clk 0:37:40]} 18. Nc4 {[%clk
0:37:43]} Nxc4 {[%clk 0:36:29]} 19. Bxc4 {[%clk 0:37:17]} f4 {[%clk 0:29:13]} 20.
Nb5 {[%clk 0:34:31]} Bxb5 {[%clk 0:26:10]} 21. Bxg7+ {[%clk 0:34:22]} Kxg7 {[%clk
0:26:32]} 22. Bxb5 {[%clk 0:32:56]} Nc6 {[%clk 0:23:33]} 23. Qc3+ {[%clk
0:28:32]} Qf6 {[%clk 0:23:28]} 24. exf4 {[%clk 0:23:48]} Qxc3 {[%clk 0:21:51]}
25. bxc3 {[%clk 0:24:11]} Rxe1+ {[%clk 0:21:59]} 26. Rxe1 {[%clk 0:24:38]} Rxf4
{[%clk 0:22:10]} 27. Bxc6 {[%clk 0:23:27]} bxc6 {[%clk 0:22:40]} 28. Re7+ {[%clk
0:20:41]} Kg6 {[%clk 0:20:55]} 29. Re6+ {[%clk 0:16:46]} Kf5 {[%clk 0:14:45]} 30.
Rxc6 {[%clk 0:16:18]} Ra4 {[%clk 0:14:33]} 31. Rxc7 {[%clk 0:14:12]} Rxa2 {[%clk
0:14:36]} 32. h3 {[%clk 0:08:18]} gxh3 {[%clk 0:08:54]} 33. Rxh7 {[%clk 0:07:20]}
hxg2 {[%clk 0:08:48]} 34. Kxg2 {[%clk 0:06:37]} Rc2 {[%clk 0:07:20]} 35. Rxa7
{[%clk 0:06:28]} Rxc3 {[%clk 0:07:43]} 36. Ra4 {[%clk 0:06:14]} 1/2-1/2